000 00465nam a2200145Ia 4500
041 _aArabic
082 _a210 cut-44 ط
100 _a20260118u\\\\\\\\\\\y0engy0103\\\\ba
100 _aجبار صابر طه
245 0 _aاقامة المسؤولية المدنية عن العمل غير المشروع على عنصر الضرر
250 _aط1
260 _bطبع مطابع جامعة الموصل
_aالموصل
_c1984
300 _a506
942 _cBk
999 _c187521
_d187521